1193 1891 1001 1400 1338 1460 1729 1948 1632 1831 1148 1642 1046 1248 1948 1432 1099 1740 1281 1277 1813 1169 1137 1987 1855 1788 1593 1557 1737 1440 1296 1826 1195 1497 1706 1095 1511 1060 1381 1417 1864 1237 1634 1097 1599 1056 1409 1291 1447 1080 1561 1671 1441 1720 1778 1058 1343 1099 1090 1348 1734 1585 1286 1748 1664 1886 1005 1297 1287 1269 1155 1708 1623 1475 1004 1402 1228 1883 1864 1247 1459 1753 1689 1912 1067 1041 1507 1721 1557 1843 1019 1300 1232 1762 1813 1623 1140 1737 1425 BCNSPRNW ULIB Ver.6.0+V

เปลี่ยนเป็นภาษาไทย

Change to English
 แสดงรายละเอียดบรรณานุกรม
  กลับหน้าหลัก

Brief Record : Get Marc (ISO 2709) : E-mail record : QR code < ปิดหน้าต่าง
LEADER : 00000nam 2200000uu 4500
001    13399115150
003     ULIB
008    120713s2552||||th 000 0 tha d
020    ^a9786167061122
060  4 ^aBQ5620 อ968ส
100    ^aโอโซ
245    ^a365 วัน มหัศจรรย์สมาธิ=Every day Osho
250    ^aพิมพ์ครั้งที่ 1
260    ^aกรุงเทพฯ:^bโพสต์บุ๊กส์ ,^c2552
300    ^a527 หน้า
650  4 ^aการพัฒนาตนเอง
650  4 ^aจิตวิทยาประยุกต์
650  4 ^aสมาธิ^xแง่จิตวิทยา
945    ^p395^l0^i19142
995    เกษร
999    ^aทศพร เกษรทอง
รายการนี้ยังไม่มีแท็ก
คุณยังไม่ได้ล็อกอิน คุณสามารถมีกิจกรรมร่วมกับเว็บไซต์ได้ แต่ต้องล็อกอินก่อน ::
  ล็อกอิน

รายการสื่อสารสนเทศ

ลำดับที่ ประเภท เลขเรียก/บาร์โค้ด สถานที่ สถานะ
- ไม่พบข้อมูล -

รายการใกล้เคียง
    หัวเรื่อง [การพัฒนาตนเอง]
    หัวเรื่อง [จิตวิทยาประยุกต์]

BibComment


ยังไม่เคยถูกคอมเมนท์

คอมเมนท์ทรัพยากรรายการนี้
  คอมเมนท์: 365 วัน มหัศจรรย..


 Copyright 2026. Bcnsprnw @Library